Equipes de Football de Ligue 1 1999-00 - Statistiques

Statistiques générales
  • Ce quiz a été pris 157 fois
  • Le résultat moyen est 15 sur 18
Statistiques - réponses
# Équipe Pts % Correct
2. Paris Saint-Germain 58
100%
15. Olympique Marseille 42
99%
3. Olympique Lyonnais 56
97%
4. Girondins de Bordeaux 54
95%
6. AS Saint-Étienne 48
93%
12. FC Nantes 43
93%
1. AS Monaco 65
91%
5. RC Lens 49
90%
13. Stade Rennais 43
90%
9. RC Strasbourg 46
87%
18. Montpellier HSC 31
84%
8. AJ Auxerre 47
80%
11. FC Metz 44
75%
17. Le Havre 34
65%
16. Nancy Lorraine 42
61%
10. SC Bastia 45
60%
7. CS Sedan 48
55%
14. ESTAC Troyes 43
44%
Aucun quiz correspondant
Distribution des résultats
% des personnes avec chaque résultat
Percentile par nombre de réponses
Votre historique - résultats
Vous n’avez pas pris ce quiz